000 00804nam a2200217Ia 4500
005 20241129105808.0
008 241129s9999||||xx |||||||||||||| ||und||
020 _a978-81-7770-11-6
037 _aTB
040 _aARTS
_bpun
_cARTS
041 _apun
_2pun
084 _aO153,1:g(Delta73) P2;R1
_qARTS
100 _aਸਿੰਘ, ਹਰਿਭਜਨ, ਚ।
245 0 _aਮੁਲ ਤੇ ਮੁਲੰਕਣ
_cਸਿੰਘ, ਹਰਿਭਜਨ, ਚ।
260 _aਅੰਮ੍ਰਿਤਸਰ, ਭਾਰਤ
_bਅੰਮ੍ਰਿਤਸਰ ਗੁਰੂ ਨਾਨਕ ਦੇਵ ਯੂਨੀਵਰਸਿਟੀ
_c2021
300 _a89ਪ੍ਰ0
365 _aINR
_b150
650 _aPunjabi PoetryMysticism
_9726387
942 _cTB
_hO153,1:g(Delta73) P2;R1
999 _c1225977
_d1225977